Chứng khoáng thị trường chứng khoán cơ hội đầu tư

সংরক্ষণ করুন:
গ্রন্থ-পঞ্জীর বিবরন
প্রধান লেখক: Lê, Thành Kính
বিন্যাস: গ্রন্থ
প্রকাশিত: TP.Hồ Chí Minh Tài chính 2007
বিষয়গুলি:
ট্যাগগুলো: ট্যাগ যুক্ত করুন
কোনো ট্যাগ নেই, প্রথমজন হিসাবে ট্যাগ করুন!
Thư viện lưu trữ: Trung tâm Học liệu Lê Vũ Hùng, Trường Đại học Đồng Tháp
LEADER 00866pam a22003018a 4500
001 00034626
005 20171026081025.0
008 161011s2007 ||||||Viesd
020 # # |c 43000 
041 0 # |a Vie 
082 1 4 |a 346.597  |b CH556KH 
100 1 # |a Lê, Thành Kính 
245 1 0 |a Chứng khoáng thị trường chứng khoán cơ hội đầu tư  |c Lê Thành Kính 
260 # # |a TP.Hồ Chí Minh  |b Tài chính  |c 2007 
300 # # |a 333 tr.  |c 20,5 cm. 
653 # # |a Chứng khoán 
653 # # |a Kinh doanh 
653 # # |a Đàu tư 
653 # # |a Thị trường 
653 # # |a Pháp luật 
852 # # |j KD.0017351 
852 # # |b Kho đọc  |j KD.0017351 
910 0 # |d 11/10/2016 
980 # # |a Trung tâm Học liệu Lê Vũ Hùng, Trường Đại học Đồng Tháp